| 000 | 00928 a2200301 4500 | ||
|---|---|---|---|
| 001 | 62463 | ||
| 999 |
_c62463 _d16011 |
||
| 003 | TR-AnTOB | ||
| 005 | 20210126163318.0 | ||
| 008 | 070721m19781989nyua b 001 0 eng | ||
| 010 | _a88000718 | ||
| 020 | _a0471624896 | ||
| 040 |
_aDLC _cDLC _dDLC |
||
| 041 | _aeng | ||
| 050 | 0 |
_aQA297 _b.A84 1989 |
|
| 090 | _aQA297 .A84 1989 | ||
| 100 |
_aAtkinson, Kendall E. _927432 |
||
| 245 | 3 |
_aAn introduction to numerical analysis / _cKendall E. Atkinson. |
|
| 250 | _a2nd ed. | ||
| 264 | 1 |
_aNew York : _bWiley, _cc1989. |
|
| 300 |
_axvi, 693 p. : _bill. ; _c24 cm. |
||
| 504 | _aIncludes bibliographies and index. | ||
| 650 |
_aNumerical analysis _9324 |
||
| 650 | 7 |
_aSayısal analiz _2 _9361 |
|
| 856 | 4 |
_uhttp://www.loc.gov/catdir/description/wiley033/88000718.html _3Publisher description |
|
| 857 | 4 |
_uhttp://www.loc.gov/catdir/toc/onix04/88000718.html _3Table of Contents |
|
| 901 | _a0019954 | ||
| 942 | _cBK | ||